00569nam a2200205Ia 450000500170000000800460001703700110006304000080007404000080008204000080009004100080009804100080010608400080011410000430012224500840016526000090024930000100025865000150026870000800028320260430150355.0008 250103s9999 xx 000 0 eng d aTheses aCRL beng ceng 2eng aeng qCRL aJain Neetu Au.; Pushkarna Narinder Gu. 0aSome Contributions to Moments of Order Statistics and Their Inferential Aspects c2023 a207p. aStatistics aUniversity of Delhi. Faculty of Mathematical Sciences. Deptt. of Statistics